| 000 | 00657nam a2200229 i 4500 | ||
|---|---|---|---|
| 001 | 147377 | ||
| 003 | ES-MaACL | ||
| 005 | 20250911062656.0 | ||
| 007 | t| | ||
| 008 | 070928s1981 sp ||||1| spa d | ||
| 080 | _a860-94"19" | ||
| 080 | _a92 Umbral, Francisco | ||
| 100 | 1 |
_aUmbral, Francisco, _d1932-2007 _9111971 |
|
| 245 | 1 | 4 |
_aLos ángeles custodios / _cFrancisco Umbral. |
| 250 | _a[1ª ed.]. | ||
| 260 |
_a[Barcelona] : _bDestino, _c[1981] |
||
| 300 |
_a263 p. ; _c22 cm. |
||
| 490 | 1 |
_aColección ncora y Delfín ; _v553 |
|
| 830 | 0 | 0 |
_aÁncora y Delfín _v553 _9151298 |
| 852 |
_aES-MaACL _jL-6969 _bR.107513 |
||
| 999 |
_c147377 _d147377 |
||